Nursing Health Assessment: Clinical Pocket Guide (Record no. 369700)

MARC details
000 -LEADER
fixed length control field 00512nam a22001817a 4500
005 - DATE AND TIME OF LATEST TRANSACTION
control field 20260108121215.0
008 - FIXED-LENGTH DATA ELEMENTS--GENERAL INFORMATION
fixed length control field 260106b |||||||| |||| 00| 0 eng d
020 ## - INTERNATIONAL STANDARD BOOK NUMBER
International Standard Book Number 987-81-8448-333-8
041 ## - LANGUAGE CODE
Language code of text/sound track or separate title English
082 ## - DEWEY DECIMAL CLASSIFICATION NUMBER
Classification number MS 616.0754 DIL DB1457
100 ## - MAIN ENTRY--PERSONAL NAME
Author Dillon Patricia M.
245 ## - TITLE STATEMENT
Title Nursing Health Assessment: Clinical Pocket Guide
250 ## - EDITION STATEMENT
Edition statement 2nd ed.
260 ## - PUBLICATION, DISTRIBUTION, ETC.
Name of publisher, distributor, etc. Jaypee Brothers Medical Publishers (P) Ltd
Place of publication, distribution, etc. New Delhi
Date of publication, distribution, etc. 2008
300 ## - PHYSICAL DESCRIPTION
Extent 587p
365 ## - TRADE PRICE
Price amount Rs. 500.00
942 ## - ADDED ENTRY ELEMENTS (KOHA)
Koha item type Donated Book
Holdings
Withdrawn status Lost status Source of classification or shelving scheme Damaged status Not for loan Home library Current library Shelving location Date acquired Net Price Bill number Total Checkouts Full call number Barcode Date last seen Bill Date Koha item type Original Barcode
    Dewey Decimal Classification     Smt. Bakul Tambat Institute of Nursing Education Smt. Bakul Tambat Institute of Nursing Education Donated Book 08/01/2026 500.00 IK#2025-26#00897   MS 616.0754 DIL DB1457 BTIN-DB-1457 06/01/2026 08/01/2026 Donated Book DB1457